Ο βαθμός απασχολήσεως των επιχειρήσεων ως παράγων επηρεασμού του κόστους : (θεωρία του κόστους)
Αποθηκεύτηκε σε:
| Κύριος συγγραφέας: | |
|---|---|
| Μορφή: | Βιβλίο |
| Γλώσσα: | Greek |
| Δημοσίευση: |
Αθήνα :
[χ.ό.],
2010.
|
| Θέματα: | |
| Ετικέτες: |
Προσθήκη ετικέτας
Δεν υπάρχουν, Καταχωρήστε ετικέτα πρώτοι!
|
MARC
| LEADER | 00000cam a2200000 i 4500 | ||
|---|---|---|---|
| 001 | 1/31955 | ||
| 008 | 130618s2010 gre d | ||
| 020 | |a 9789609320702 |q (pbk.) | ||
| 035 | |l 10114830 | ||
| 040 | |a GR-MY-UA |b gre |e aacr | ||
| 041 | 0 | |a gre | |
| 082 | 0 | |a 658.1552 |2 (22) | |
| 100 | 1 | |a Κουλερής, Αναστάσιος Π. | |
| 245 | 1 | 2 | |a Ο βαθμός απασχολήσεως των επιχειρήσεων ως παράγων επηρεασμού του κόστους : |b (θεωρία του κόστους) / |c Αναστάσιος Π. Κουλερής |
| 260 | |a Αθήνα : |b [χ.ό.], |c 2010. | ||
| 300 | |a 151 σ.; |b διαγρ., πίν.; |c 21 εκ. | ||
| 504 | |a Βιβλιογραφία: σ.145. | ||
| 504 | |a Ευρετήριο: σ.149-150. | ||
| 650 | 0 | 0 | |a Cost accounting. |
| 852 | |a INST |b CHIOS |e 20130620 |h 658.1552 ΚΟΥ |p 005200035153 |q 005200035153 |t BK |y 0 | ||
| 852 | |a INST |b LEMNOS |e 20160706 |h 658.1552 ΚΟΥ |p 005600001769 |q 005600001769 |t BK |y 0 | ||
| 901 | |a BIBL2-2013-2 | ||
| 909 | |a Χ |b 175714 | ||
| 970 | |a ΣΠΕΝΤΖΑ |b ΕΛΕΝΗ |z 2013/06/18 | ||